000 00981nam a22002297a 4500
005 20240530110508.0
008 151025s2010 ua ao g b 000 0 ara d
017 _a2010/24924
_bمصر . دار الكتب المصرية
040 _aEG-CaGPL
082 0 4 _221
_a327.12/
_bع أ
100 0 _aعبدالكريم العلوجى
245 1 2 _aالاختراق الاسرائيلى للعراق بعد الغزو الامريكى بالوثائق :
_bالثار البابلى /
_cعبدالكريم العلوجى
250 _aط1
260 _aالقاهرة :
_bمكتبة جزيرة الورد ،
_c2010 .
300 _a224 ص :
_bصور ؛
_c24 سم .
504 _aيشتمل على ارجاعات ببليوجرافية
651 0 4 _aالعراق
_xالاحوال السياسية
651 0 4 _aالعراق
_xالتدخل الاسرائيلى
651 0 4 _aالعراق
_xالغزو الامريكى
942 _2ddc
_cBK
999 _c61620
_d61620